| 000 | 00000nas 2200000za 4500 |
| 001 | 9.507794 |
| 003 | CaOODSP |
| 005 | 20240527135424 |
| 007 | cr ||||||||||| |
| 008 | 150406d20082013xxc|| p o||||f| |0eng|d |
| 040 | |aCaOODSP|beng |
| 043 | |an-cn--- |
| 086 | 1 |aCW71-8E-PDF |
| 110 | 2 |aCanadian Wildlife Service. |
| 245 | 10|aCanadian habitat matters, annual report |h[electronic resource] / |c[Issued by] NAWCC (Canada) Secretariat Wetlands Office. |
| 260 | |aOttawa - Ontario : |bEnvironment Canada. |
| 310 | |aAnnual |
| 362 | 1 |a2008 - 2013 |
| 690 | 07|aAquatic birds|2gcpds |
| 690 | 07|aEnvironmental conservation|2gcpds |
| 775 | 08|tÀ propos des habitats canadiens - rapport annuel / |w(CaOODSP)9.504174 |
| 780 | 00|tCanadian habitat matters / |w(CaOODSP)9.507805 |
| 785 | 00|tHabitat matters |w(CaOODSP)9.813464 |